Microsoft Office XP krok za krokem
Uložené v:
| Hlavný autor: | |
|---|---|
| Ďalší autori: | , |
| Médium: | Kniha |
| Jazyk: | Czech |
| Vydavateľské údaje: |
Brno
Mobil Media
2002
|
| Edícia: | Knihy internet dnes
|
| Predmet: | |
| Tagy: |
Žiadne tagy, Buďte prvý, kto otaguje tento záznam!
|
MARC
| LEADER | 00000nam$a2200000$$$4500 | ||
|---|---|---|---|
| 001 | 0034771 | ||
| 005 | 20240313133219.6 | ||
| 020 | |a 80-86593-21-5 | ||
| 041 | 0 | |a cze | |
| 044 | |a CZ | ||
| 245 | 1 | 0 | |a Microsoft Office XP |b krok za krokem |c Curtis Frye, and Kristen Crupi ; překlad: Jan Pokorný |
| 264 | 1 | |a Brno |b Mobil Media |c 2002 | |
| 300 | |a 774 s. |e 1 CD-ROM | ||
| 490 | 1 | |a Knihy internet dnes | |
| 830 | 0 | |a Knihy internet dnes | |
| 500 | |a Kniha obsahuje CD se zdrojovými soubory potřebnými pro praktické procvičení témat, ale neobsahuje vlastní program Microsoft Office XP | ||
| 610 | 2 | 0 | |a systémy operačné |
| 610 | 2 | 0 | |a softvér |
| 100 | 1 | |a Frye, Curtis | |
| 700 | 1 | |a Crupi, Kristen | |
| 700 | 1 | |a Pokorný, Jan | |